| 000 | 00863 a2200241 4500 | ||
|---|---|---|---|
| 003 | CBULib | ||
| 005 | 20250423102433.0 | ||
| 008 | 250423b |||||||| |||| 00| 0 eng d | ||
| 040 |
_aCBULib _bEnglish _cCBULib _erda |
||
| 041 | _aeng | ||
| 050 | _aCBU-LIB(058)AR/1991 | ||
| 110 |
_94465 _aCopperbelt University Library(CBU-LIB) |
||
| 245 |
_aCopperbelt University : the library : annual report : 1991 _c/ by Copperbelt University Library(CBU-LIB) |
||
| 260 |
_bCopperbelt University, _c1991. _aKitwe : |
||
| 300 | _a20 pages : illustrations | ||
| 336 |
_2rdacontent _aText | _btxt |
||
| 337 |
_2rdamedia _aUnmediated | _bn |
||
| 338 |
_2rdacarrier _aVolume _bnc |
||
| 650 | 0 |
_94466 _aANNUAL REPORTS (COPPERBELT UNIVERSITY)--ZAMBIA |
|
| 650 | 0 |
_94463 _aCOPPERBELT UNIVERSITY. LIBRARY--PERIODICALS |
|
| 700 |
_94471 _aLungu, C.B.M. _eCompiler |
||
| 942 |
_2mc _c030 |
||
| 999 |
_c86117 _d86117 |
||